| 000 | 00784nam a22002055i 4500 | ||
|---|---|---|---|
| 001 | 163636 | ||
| 003 | ES-MaACL | ||
| 005 | 20250728105427.0 | ||
| 008 | 011218s1894 fr |||| | fre d | ||
| 040 |
_aCAM _bspa _cCAM |
||
| 100 | 1 |
_aRoberty, Eugène de. _997861 |
|
| 245 | 1 | 0 |
_aAuguste Comte et Herbert Spencer _b: contribution a l'histoire des idées philosophiques au XIXe siècle / _cpar E. de Roberty. |
| 260 |
_aParis : _bFélix Alcan éditeur, _c1894 ( _eCoulommiers : _fImp. Paul Brodard) |
||
| 300 |
_aX, 200 p. ; _c19 cm. |
||
| 600 | 1 | 4 |
_aComte, Auguste- _xCrítica e interpretación. _940057 |
| 600 | 1 | 4 |
_aSpencer, Herbert, _d1820-1903 _9107684 |
| 650 | 4 |
_aFilosofía- _yS.XIX. _9163575 |
|
| 852 |
_aES-MaACL _jF-11734 _z- Enc. hol. |
||
| 999 |
_c163636 _d163636 |
||